000 00770nam a22002057a 4500
003 BD-DhUL
005 20220224112339.0
008 160905s1997 bg ||||| |||| 00| 0 ben
020 _a9844014174 (hbk)
040 _aBD-DhUL
_cBD-DhUL
082 _a954.92
_bMAM
100 1 _aমঞ্জুর, নুরুল ইসলাম।
245 0 0 _aমুক্তিযুদ্ধ স্বাধীনতা ও বঙ্গবন্ধু /
_cনুরুল ইসলাম মঞ্জুর।
260 _aঢাকা :
_bআগামী,
_c১৯৯৭।
300 _a১১২ পৃ. ;
_c২২ সেমি
365 _aBDT
_b80.00
650 4 _aবাংলাদেশ
_xইতিহাস
650 4 _aBangladesh
_xHistory
942 _2ddc
_cBK
999 _c104513
_d104513